Sociología del medio ambiente : (Registro nro. 29744)

Detalles MARC
000 -CABECERA
Longitud fija campo de control 01003nam a2200229 a 4500
003 - • IDENTIFICADOR DELl NÚMERO DE CONTROL
Identificador del número de control CO-ViMGA
008 - • CÓDIGOS DE INFORMACIÓN DE LONGITUD FIJA
Códigos de información de longitud fija 141112s2004 ck r 000 u spa d
020 ## - • NÚMERO INTERNACIONAL NORMALIZADO PARA LIBROS
Número Internacional Normalizado para Libros (ISBN) 844813656X
040 ## - FUENTE DE LA CATALOGACIÓN
Centro catalogador de origen CO-ViMGA
Lengua de catalogación spa
Centro transcriptor CO-ViMGA
082 04 - • NÚMERO DE LA CLASIFICACIÓN DECIMAL DEWEY
Número de clasificación (R) 304.28 R332s
100 1# - • PUNTO DE ACCESO PRINCIPAL-NOMBRE DE PERSONA
Nombre de persona Redclift, Michael; Woodgate, Graham
245 10 - • TITULO PROPIAMENTE DICHO
Título Sociología del medio ambiente :
Resto del título Una perspectiva internacional
300 ## - • DESCRIPCIÓN FÍSICA
Extensión 509p
505 ## - • NOTA DE CONTENIDO CON FORMATO
Nota de contenido con formato Conceptos y teorías en la sociología del medio ambiente 3 - - Cuestiones sustantivas de la sociología del medio ambiente 193 - - Perspectivas internacionales sobre el medio ambiente y la sociedad 311
590 ## - NOTAS LOCALES
Nota local Forma de adquisición : Compra fact.0541 - - Precio : 69000 - - Proveedor : Temas y libros - - Fecha de adquisición : Abril 2006
650 14 - • PUNTO DE ACCESO ADICIONAL DE MATERIA - TÉRMINO DE MATERIA
Término de materia o nombre geográfico como elemento inicial DESARROLLO SOSTENIBLE - ASPECTOS SOCIALES
650 14 - • PUNTO DE ACCESO ADICIONAL DE MATERIA - TÉRMINO DE MATERIA
Término de materia o nombre geográfico como elemento inicial Política AMBIENTAL
650 14 - • PUNTO DE ACCESO ADICIONAL DE MATERIA - TÉRMINO DE MATERIA
Término de materia o nombre geográfico como elemento inicial SOCIOLOGIA DEL MEDIO AMBIENTE
942 ## - ENTRADA DE ELEMENTOS AGREGADOS (KOHA)
Fuente de clasificaión o esquema Dewey Decimal Classification
Koha [por defecto] tipo de item LIbro
Existencias
Perdido Fuente de clasificación o esquema Estado Físico No para préstamo Forma de adquisición Localización permanente Localización actual Fecha adquisición Serie de enumeración / cronolog&íacute;a Préstamos totales Signatura completa Código de barras Fecha última consulta Número de copia Fecha del precio de reemplazo Tipo de item de Koha
  Dewey Decimal Classification     Sala General Segundo Piso Biblioteca Pública Germán Arciniegas - Villavicencio Biblioteca Pública Germán Arciniegas - Villavicencio 12/04/2015 Volumen. 1 | 11/jun/2009   304.28 R332s 20794 12/04/2015 Ej. 1 12/04/2015 LIbro









Instituto Departamental de Cultura del Meta - Red Departamental de Bibliotecas Públicas del Meta.